| 000 | 00849nam a2200265 a 4500 | ||
|---|---|---|---|
| 999 |
_c236 _d236 |
||
| 001 | 10950 | ||
| 003 | BD-DhUAP | ||
| 005 | 20210124101959.0 | ||
| 008 | 910328r20081992ilua b 001 0 eng d | ||
| 020 | _a9780070601673 | ||
| 020 | _a0070601674 | ||
| 040 |
_aBD-DhUAP _cBD-DhUAP _dBD-DhUAP _bEng |
||
| 082 | 0 | 0 |
_a005.26 HAL _223 |
| 100 | 1 | _aHall, Douglas V. | |
| 245 | 1 | 0 |
_aMicroprocessors and interfacing : _bprogramming and hardware / _cDouglas V. Hall. |
| 250 | _arev. 2nd ed. | ||
| 260 |
_aNew Delhi : _bTata McGraw-Hill, _cc1992 [Reprinted 2011]. |
||
| 300 |
_avarious pages : _billustrations ; _c28 cm. |
||
| 504 | _aIncludes bibliographical references and index. | ||
| 650 | 0 |
_aMicroprocessors _xProgramming. |
|
| 650 | 0 | _aComputer interfaces. | |
| 942 | 0 | 0 |
_08 _2ddc _cBK |